| 000 | 01031cam a2200313 a 4500 | ||
|---|---|---|---|
| 001 | 6062 | ||
| 003 | FISKH | ||
| 005 | 20250305090207.0 | ||
| 008 | 990318s2000 nyua c 000 1 eng | ||
| 010 | _a 99025534 | ||
| 020 | _a0590631187 | ||
| 040 |
_aDLC _cDLC _dDLC _beng |
||
| 050 | _a PZ7.D3696 S | ||
| 082 | _a813 | ||
| 100 | 1 |
_aDelacre, Lulu _d(1957-) |
|
| 245 | 1 | 0 |
_aSalsa stories / _cstories and linocuts by Lulu Delacre. |
| 250 | _aThis edition first published in 2000 | ||
| 260 |
_aNew York : _bScholastic, _c2000 |
||
| 300 |
_a105 pages : _billustrations ; _c20 cm. |
||
| 505 | _aR | ||
| 520 | _aA collection of stories within the story of a family celebration where the guests relate their memories of growing up in various Latin American countries. Also contains recipes. | ||
| 521 | 8 |
_a760
_bLexile |
|
| 521 | 8 |
_aR
_bRaz-Plus |
|
| 650 |
_2Multicultural _aLatin America |
||
| 650 |
_2Recipes _aFood |
||
| 906 |
_a7 _bcbc _corignew _d1 _eocip _f19 _gy-gencatlg |
||
| 942 |
_2ddc _cBK _n0 |
||
| 999 |
_c6062 _d6062 |
||